00292nam a2200121Ia 4500008004100000082001600041100001900057245003200076250000800108260003800116300000800154650000800162191201s2010 xx 000 0 und d a005.74bVAD aVARSHNEY,Gagan 0aDatabase Management Systems a1st aN. delhibGlobal vision pubc2010 a314 aBBA